LEADER 01261nam0-2200385---450 001 990005713040203316 005 20190403125011.0 035 $a000571304 035 $aUSA01000571304 035 $a(ALEPH)000571304USA01 035 $a000571304 100 $a20070502d1985----|||y0itaa50------ba 101 $aita 102 $ait 105 $a0 00||| 200 1 $aDall'Asclepius al Crater Hermetis$estudi sull'ermetismo latino tardo-antico e rinascimentale$fClaudio Moreschini 210 $aPisa$cGiardini Editori e Stampatori$dc1985 215 $a291 p.$d26 cm. 225 2 $aBiblioteca di studi antichi$fdiretta da Graziano Arrighetti ed Emilio Gabba$v47. 410 0$12001$aBiblioteca di studi antichi$v47. 606 $aScritti ERMETICI$xTradizione$xSec. 2. a. C. / sec. 16.$2F 620 $dPISA 676 $a135.45 700 1$aMORESCHINI,$bClaudio$0384697 801 0$aIT$bSA$c20111219 912 $a990005713040203316 950 0$aDipar.to di Filosofia - Salerno$dDFCC 135.45 MOR$e8416 FIL 951 $aCC 135.45 MOR$b8416 FIL 959 $aBK 969 $aFIL 979 $c20121027$lUSA01$h1526 979 $c20121027$lUSA01$h1615 996 $aDall'Asclepius al Crater Hermetis$9469441 997 $aUNISA NUM $aSA0020257 LEADER 01048nam a2200289 i 4500 001 991002437869707536 008 070516s2007 nyua b 001 0 eng d 020 $a0387345345 024 3 $a9780387345345 035 $ab13526984-39ule_inst 040 $aDip.to Matematica$beng 082 0 $a515.75$222 084 $aAMS 39-01 084 $aLC QA431.S544 100 1 $aSmall, Christopher G.$011893 245 10$aFunctional equations and how to solve them /$cChristopher G. Small 260 $aNew York :$bSpringer,$cc2007 300 $axii, 129 p. :$bill. ;$c24 cm 440 0$aProblem books in mathematics 504 $aIncludes bibliographical references and index 650 0$aFunctional equations 907 $a.b13526984$b28-01-14$c16-05-07 912 $a991002437869707536 945 $aLE013 39-XX SMA11 (2007)$g1$i2013000205458$lle013$op$pE57.15$q-$rl$s- $t0$u0$v0$w0$x0$y.i14499447$z02-07-07 996 $aFunctional equations and how to solve them$9729928 997 $aUNISALENTO 998 $ale013$b16-05-07$cm$da $e-$feng$gnyu$h0$i0